000 00522nam a2200181Ia 4500
005 20250326141718.0
008 250326s9999 xx 000 0 und d
037 _aTextbook
040 _aFMSL
_beng
_cFMSL
041 _aeng
_2eng
084 _aX:87 N0
_qFMSL
100 _aHackman J R
_9735944
245 0 _aGroups that work and the those that don't
_cHackman J R
260 _aSan Francisco
_bSan Francisco, Jossey Bass Pub.
_c1990
300 _a535p
942 _cTB
_hX:87 N0
999 _c1291614
_d1291614